Normal view
MARC view
- Nawy, Edward G.
Entry Personal Name
001 - CONTROL NUMBER
- control field: 23340
003 - CONTROL NUMBER IDENTIFIER
- control field: NUST
005 - DATE AND TIME OF LATEST TRANSACTION
- control field: 20191008190608.0
008 - FIXED-LENGTH DATA ELEMENTS
- fixed length control field: 191008|| aca||aabn | a|a d
040 ## - CATALOGING SOURCE
- Original cataloging agency: NUST
- Transcribing agency: NUST
100 ## - HEADING--PERSONAL NAME
- Personal name: Nawy, Edward G.
670 ## - SOURCE DATA FOUND
- Source citation: Work cat.: (NUST): Nawy, Edward G., Prestressed concrete :
